书目信息 |
| 题名: |
中国名物特产集粹
|
|
| 作者: | 邵秦 著 | |
| 分册: | ||
| 出版信息: | 北京 商务印书馆 1996.12 |
|
| 页数: | 194页 | |
| 开本: | 32开 | |
| 丛书名: | ||
| 单 册: | ||
| 中图分类: | F760.1 | |
| 科图分类: | ||
| 主题词: | 商品学 | |
| 电子资源: | ||
| ISBN: | 7-100-02160-X | |
| 000 | 00537nam0 2200193 45 | |
| 001 | 0009190974 | |
| 005 | 20000919092620.7 | |
| 010 | @a7-100-02160-X@d13.50元 | |
| 100 | @a20000919d1996 km y0chiy0120 ea | |
| 101 | 0 | @achi |
| 105 | @a z 000yy | |
| 200 | 1 | @a中国名物特产集粹@AZhong Guo Ming Wu Te Chan Ji Cui@f邵秦著@FShao Qin Zhu |
| 210 | @a北京@c商务印书馆@d1996.12 | |
| 215 | @a194页@d32开 | |
| 606 | 0 | @a商品学 |
| 690 | @aF760.1@v3 | |
| 701 | 0 | @a邵秦@4著 |
| 801 | @aCN@bPftUser@c20000919 | |
| 905 | @b148135-139@dF760.1@eSH.098@f5 | |
| 中国名物特产集粹/邵秦著.-北京:商务印书馆,1996.12 |
| 194页;32开 |
| ISBN 7-100-02160-X:13.50元 |
| ● |
| 相关链接 |
|
|
|
正题名:中国名物特产集粹
索取号:F760.1/SH.098
 
预约/预借
| 序号 | 登录号 | 条形码 | 馆藏地/架位号 | 状态 | 备注 |
| 1 | 148135 | 201481351 | 社科库409/409社科库 49排1列1层/ [索取号:F760.1/SH.098] | 在馆 | |
| 2 | 148136 | 201481360 | 社科库409/409社科库 49排1列1层/ [索取号:F760.1/SH.098] | 在馆 | |
| 3 | 148137 | 201481379 | 社科库409/409社科库 49排1列1层/ [索取号:F760.1/SH.098] | 在馆 | |
| 4 | 148138 | 201481388 | 社科库409/400B社科库 2排4列1层/ [索取号:F760.1/SH.098] | 在馆 | |
| 5 | 148139 | 201481397 | 社科库409/409社科库 49排1列1层/ [索取号:F760.1/SH.098] | 在馆 |